Countries with Odd Borders (Slideshow) Quiz Stats

Quiz not verified by Sporcle

Challenge
Share
Tweet
Score 0/15 Timer 09:00
0 Plays Today
% Correct
Northwest Angle in Minnesota - USA and Canada
81.7%
The Gambia and Senegal
62.8%
Region of Kashmir, all or partially claimed by India, Pakistan,and China (and bordering Afghanistan, as well)
38.3%
Exclaves between the UAE and Oman
28.9%
Diomede/Gvozdev Islands, split between Russia and USA (and the International Date Line)
28.2%
Brunei, Malaysia, and Indonesia on the island of Borneo
27.1%
Hala'ib Triangle, claimed by Egypt and Sudan, and Bir Tawil, claimed by neither!
25%
The many Belgian exclaves of Baarle-Hertog within the Netherlands
19.1%
% Correct
Many(!) Exclaves between India and Bangladesh
14.7%
Exclaves between Tajikistan, Uzbekistan, and Kyrgyzstan
14.5%
Hans Island, disputed between Canada and Denmark (Greenland)
14%
Märket Island in Finland and Sweden
12.1%
Islands of Likoma and Chizumulu, exclaves of Malawi inside Mozambique
6.7%
Brazilian Island, claimed by Brazil and Uruguay, and also bordering Argentina
5.5%
Split City of Valka/Valga in Estonia and Latvia
4.3%

You're not logged in!

Compare scores with friends on all Sporcle quizzes.
Join for Free
OR
Log In

You Might Also Like...

Show Comments

Extras

Top Quizzes Today


Score Distribution

Your Account Isn't Verified!

In order to create a playlist on Sporcle, you need to verify the email address you used during registration. Go to your Sporcle Settings to finish the process.

Report this User

Report this user for behavior that violates our Community Guidelines.

Details: